The World Book (Record no. 278)

MARC details
000 -LEADER
fixed length control field 00347nam a22001457a 4500
003 - CONTROL NUMBER IDENTIFIER
control field OSt
005 - DATE AND TIME OF LATEST TRANSACTION
control field 20160727222349.0
008 - FIXED-LENGTH DATA ELEMENTS--GENERAL INFORMATION
fixed length control field 160622b xxu||||| |||| 00| 0 eng d
040 ## - CATALOGING SOURCE
Transcribing agency TEST
100 ## - MAIN ENTRY--PERSONAL NAME
9 (RLIN) 346
Personal name The World Book Encylopedia
245 ## - TITLE STATEMENT
Title The World Book
260 ## - PUBLICATION, DISTRIBUTION, ETC. (IMPRINT)
Place of publication, distribution, etc. LON
Name of publisher, distributor, etc. World Book Inc.
Date of publication, distribution, etc. 1993
300 ## - PHYSICAL DESCRIPTION
Extent The World Book
942 ## - ADDED ENTRY ELEMENTS (KOHA)
Source of classification or shelving scheme Dewey Decimal Classification
Koha item type BOOK
Holdings
Withdrawn status Lost status Source of classification or shelving scheme Damaged status Not for loan Home library Current library Date acquired Total Checkouts Full call number Barcode Date last seen Price effective from Koha item type
    Dewey Decimal Classification     Good Samaritan School Library Good Samaritan School Library 06/22/2016   31 THE733 06/22/2016 06/22/2016 BOOK

Powered by Koha